| 000 | 00364nam a2200157Ia 4500 | ||
|---|---|---|---|
| 003 | Ost | ||
| 005 | 20260225132557.0 | ||
| 008 | 260225s9999||||xx |||||||||||||| ||und|| | ||
| 040 | _cfsic | ||
| 041 | _afre | ||
| 082 | _a302.23 | ||
| 100 |
_aVictor L. Tapie _eAuteur |
||
| 245 | 0 | _aLes Temps modernes : | |
| 245 | 0 |
_b1492-1789 / _cVictor L. Tapie |
|
| 942 | _cكتاب | ||
| 999 |
_c34513 _d34513 |
||